[Event "Hong Kong-ch op"]
[Site "Hong Kong"]
[Date "2017.10.30"]
[Round "4"]
[White "Tang, Tsz Sang"]
[Black "Cheng, Justin Hong Chen"]
[Result "1-0"]
[WhiteElo "1691"]
[BlackElo "1298"]
[PlyCount "93"]
[EventDate "2017.10.09"]
[EventType "swiss"]
[EventRounds "7"]
[EventCountry "HKG"]
[SourceTitle "EXT 2019"]
[Source "ChessBase"]
[SourceDate "2018.10.10"]
[SourceVersion "1"]
[SourceVersionDate "2018.10.10"]
[SourceQuality "1"]

1. d4 Nf6 2. c4 g6 3. Nc3 Bg7 4. e4 d6 5. Nf3 0-0 6. Be2 e5 7. 0-0 Nc6 8. d5 Ne7 9. Ne1 Nd7 10. Be3 f5 11. f3 f4 12. Bf2 g5 13. Rc1 Ng6 14. Nb5 b6 15. b4 a6 16. Nc3 Rf7 17. c5 bxc5 18. bxc5 Bf8 19. Na4 Rg7 20. Nd3 h5 21. g4 fxg3 22. hxg3 Nf6 23. cxd6 Bxd6 24. Nac5 g4 25. Ne6 Bxe6 26. dxe6 Nf8 27. Qb3 Kh8 28. Nc5 h4 29. Kh2 Bxc5 30. Rxc5 Qd2 31. Rc2 Qh6 32. Rh1 N8h7 33. Kg1 Rag8 34. Rxh4 Qg6 35. Qe3 gxf3 36. Bxf3 Re7 37. Kg2 Qg7 38. Rc6 Ra8 39. Qc3 Ne8 40. Rh5 Nd6 41. Qxe5 Qxe5 42. Rxe5 Rae8 43. Rxa6 Rxe6 44. Rxe6 Rxe6 45. Bd4+ Kg8 46. e5 Nf7 47. Rxe6 1-0

[Event "Hong Kong-ch op"]
[Site "Hong Kong"]
[Date "2017.10.16"]
[Round "2"]
[White "Tang, Tsz Sang"]
[Black "Pang, Yui Kuen"]
[Result "0-1"]
[WhiteElo "1691"]
[BlackElo "1991"]
[PlyCount "72"]
[EventDate "2017.10.09"]
[EventType "swiss"]
[EventRounds "7"]
[EventCountry "HKG"]
[SourceTitle "EXT 2019"]
[Source "ChessBase"]
[SourceDate "2018.10.10"]
[SourceVersion "1"]
[SourceVersionDate "2018.10.10"]
[SourceQuality "1"]

1. e4 e6 2. d4 d5 3. e5 c5 4. c3 Nc6 5. Nf3 Nge7 6. a3 Nf5 7. b4 cxd4 8. cxd4 Qb6 9. Bb2 Bd7 10. Be2 Be7 11. Qd3 0-0 12. Nbd2 Rac8 13. Nb3 Bxb4+ 14. Kf1 Be7 15. Bc1 Na5 16. Nxa5 Qxa5 17. Bd2 Qa4 18. g4 Nh4 19. Ng5 g6 20. Rb1 Rc7 21. Rb3 Rfc8 22. Bd1 a6 23. Qg3 Bxg5 24. Bxg5 Qxd4 25. Bxh4 Qxd1+ 26. Kg2 Qd2 27. Bf6 Rc3 28. Rxc3 Rxc3 29. Qh4 Bc6 30. Rf1 d4+ 31. Kg1 Rc1 32. f3 Rxf1+ 33. Kxf1 Bxf3 34. Qg3 Qe2+ 35. Kg1 d3 36. Bg5 Bd5 0-1

[Event "Hong Kong-ch prel"]
[Site "Hong Kong"]
[Date "2017.01.09"]
[Round "1"]
[White "Ng, Alfred Chun Hei"]
[Black "Tang, Tsz Sang"]
[Result "1-0"]
[WhiteElo "1667"]
[BlackElo "1673"]
[PlyCount "109"]
[EventDate "2017.01.09"]
[EventType "swiss"]
[EventRounds "11"]
[EventCountry "HKG"]
[SourceTitle "EXT 2018"]
[Source "ChessBase"]
[SourceDate "2017.10.13"]
[SourceVersion "1"]
[SourceVersionDate "2017.10.13"]
[SourceQuality "1"]

1. d4 d6 2. Nf3 Nf6 3. c4 g6 4. Nc3 Bg7 5. e4 Bg4 6. Be2 0-0 7. 0-0 Nbd7 8. Be3 c5 9. dxc5 dxc5 10. Qc2 a6 11. Rad1 Qc7 12. Nd5 Nxd5 13. exd5 e6 14. d6 Qc6 15. Qd2 e5 16. h3 Bf5 17. Bh6 e4 18. Bxg7 Kxg7 19. Qc3+ f6 20. Nh4 Be6 21. f4 exf3 22. Bxf3 Qc8 23. Rde1 Ne5 24. Bd5 Bxd5 25. cxd5 c4 26. Kh1 Rf7 27. Rxe5 fxe5 28. Qxe5+ Kg8 29. Rxf7 Kxf7 30. Qe7+ Kg8 31. d7 Qf8 32. d6 Qf1+ 33. Kh2 Qf4+ 34. g3 Qf8 35. Ng2 h6 36. Nf4 g5 37. Qxf8+ Kxf8 38. Ne6+ Kf7 39. d8Q Rxd8 40. Nxd8+ Ke8 41. Nxb7 Kd7 42. Kg2 Kc6 43. Na5+ Kxd6 44. Nxc4+ Kd5 45. b3 Ke4 46. Kf2 Kd3 47. Kf3 Kc2 48. Kg4 Kb1 49. a4 Ka2 50. Na5 Ka3 51. Kh5 Kb4 52. Nc6+ Kxb3 53. a5 Kc4 54. Kxh6 Kb5 55. Nb8 1-0

[Event "Hong Kong Jolimark op"]
[Site "Hong Kong"]
[Date "2016.12.29"]
[Round "7"]
[White "Tang, Tsz Sang"]
[Black "Burbach, Brunel Baron"]
[Result "1-0"]
[WhiteElo "1740"]
[BlackElo "1275"]
[PlyCount "127"]
[EventDate "2016.12.26"]
[EventType "swiss"]
[EventRounds "9"]
[EventCountry "HKG"]
[SourceTitle "CBM 176 Extra"]
[Source "ChessBase"]
[SourceDate "2017.03.02"]
[SourceVersion "1"]
[SourceVersionDate "2017.03.02"]
[SourceQuality "1"]

1. d4 Nf6 2. g3 e6 3. Bg2 d5 4. Nf3 c5 5. 0-0 Nc6 6. a3 Bd6 7. dxc5 Bxc5 8. b4 Bd6 9. Bb2 0-0 10. Nbd2 b6 11. c4 Bb7 12. Qb3 Be7 13. e3 Rc8 14. Rfd1 Qc7 15. Rac1 Qb8 16. cxd5 Nxd5 17. Ne4 Rfd8 18. h3 h6 19. g4 b5 20. Nc5 Bxc5 21. Rxc5 a6 22. Rdc1 Nb6 23. Qc3 f6 24. Qb3 Nc4 25. Ba1 Kh8 26. Qc3 e5 27. Nh4 Ne7 28. Rxc8 Rxc8 29. Bxb7 Qxb7 30. Bb2 Nxb2 31. Qxb2 Rxc1+ 32. Qxc1 Qc6 33. Qd2 Qd5 34. Qc2 Qc6 35. Qd3 Qd5 36. Ng6+ Kh7 37. Nf8+ Kg8 38. Qxd5+ Nxd5 39. Nd7 Nc3 40. Nc5 Nb1 41. a4 Nc3 42. a5 Nd5 43. Nxa6 e4 44. Kf1 Kf7 45. Ke2 Ke7 46. Kd2 Kd6 47. Kc2 g5 48. Kb3 Ke6 49. Nc5+ Ke5 50. Nd7+ Kd6 51. Nb8 Kc7 52. Na6+ Kd6 53. Nc5 Ke5 54. Nb7 Ke6 55. Nd8+ Ke7 56. Nc6+ Kd6 57. Nd4 Nc7 58. Nf5+ Ke5 59. Nxh6 Ke6 60. Nf5 Ke5 61. Nd4 Kd5 62. a6 Nxa6 63. Nxb5 Ke5 64. Kc4 1-0

[Event "Hong Kong Jolimark op"]
[Site "Hong Kong"]
[Date "2016.12.27"]
[Round "4"]
[White "Kong, Ren En"]
[Black "Tang, Tsz Sang"]
[Result "1-0"]
[WhiteElo "1541"]
[BlackElo "1740"]
[PlyCount "111"]
[EventDate "2016.12.26"]
[EventType "swiss"]
[EventRounds "9"]
[EventCountry "HKG"]
[SourceTitle "CBM 176 Extra"]
[Source "ChessBase"]
[SourceDate "2017.03.02"]
[SourceVersion "1"]
[SourceVersionDate "2017.03.02"]
[SourceQuality "1"]

1. d4 Nf6 2. c4 c5 3. d5 e6 4. Nc3 exd5 5. cxd5 d6 6. e4 g6 7. Nge2 Bg7 8. Ng3 h5 9. Bd3 h4 10. Nf1 h3 11. g3 0-0 12. Ne3 Re8 13. 0-0 b6 14. Re1 Ba6 15. Bxa6 Nxa6 16. Nc4 Nc7 17. a4 Qd7 18. Bf4 Bf8 19. Qf3 Nh5 20. Rad1 Nxf4 21. Qxf4 Rad8 22. e5 dxe5 23. Nxe5 Rxe5 24. Qxe5 Bg7 25. Qg5 Bxc3 26. bxc3 Rf8 27. Qe7 Qf5 28. Qe4 Qd7 29. Qc4 Qf5 30. d6 Ne6 31. Qe4 Qf6 32. Re3 Ng5 33. Qf4 Qd8 34. Re7 Ne6 35. Qg4 a6 36. Qxh3 b5 37. axb5 axb5 38. Qf1 c4 39. Qe1 Nc5 40. Qe3 Nd3 41. Rxd3 cxd3 42. Qxd3 Qa5 43. Re1 Rd8 44. d7 Qc7 45. Re8+ Kh7 46. Rxd8 Qxd8 47. Qxb5 Qe7 48. Qd5 Qd8 49. c4 Kg7 50. c5 Kf8 51. Qd6+ Kg7 52. c6 Qb6 53. Qd5 Qd8 54. h4 Kg8 55. Qd6 Qb6 56. d8Q+ 1-0

[Event "Hong Kong op"]
[Site "Hong Kong"]
[Date "2016.11.28"]
[Round "8"]
[White "Tushar, Anand"]
[Black "Tang, Tsz Sang"]
[Result "1-0"]
[WhiteElo "1952"]
[BlackElo "1740"]
[PlyCount "65"]
[EventDate "2016.10.03"]
[EventType "swiss"]
[EventRounds "9"]
[EventCountry "HKG"]
[SourceTitle "EXT 2018"]
[Source "ChessBase"]
[SourceDate "2017.10.13"]
[SourceVersion "1"]
[SourceVersionDate "2017.10.13"]
[SourceQuality "1"]

1. e4 c5 2. Nf3 Nc6 3. Bb5 g6 4. c3 d5 5. Bxc6+ bxc6 6. Qa4 Bd7 7. Ne5 Nf6 8. Nxd7 Qxd7 9. e5 Ng4 10. d4 cxd4 11. cxd4 Rc8 12. h3 Bh6 13. Qd1 c5 14. hxg4 Bxc1 15. Qxc1 cxd4 16. Qd2 h5 17. gxh5 Qf5 18. Na3 Qxe5+ 19. Kf1 Rxh5 20. Rxh5 Qxh5 21. Kg1 Kd7 22. f3 Rh8 23. Re1 e5 24. Nc2 Qh1+ 25. Kf2 Qh4+ 26. Ke2 e4 27. Nxd4 Re8 28. Kd1 e3 29. Qd3 e2+ 30. Nxe2 Qa4+ 31. Kd2 Qxa2 32. Qb5+ Kd8 33. Nc3 1-0

[Event "Hong Kong op"]
[Site "Hong Kong"]
[Date "2016.10.31"]
[Round "5"]
[White "Chung, Ethan Cheung Jing"]
[Black "Tang, Tsz Sang"]
[Result "0-1"]
[WhiteElo "1360"]
[BlackElo "1740"]
[PlyCount "68"]
[EventDate "2016.10.03"]
[EventType "swiss"]
[EventRounds "9"]
[EventCountry "HKG"]
[SourceTitle "EXT 2018"]
[Source "ChessBase"]
[SourceDate "2017.10.13"]
[SourceVersion "1"]
[SourceVersionDate "2017.10.13"]
[SourceQuality "1"]

1. e4 c5 2. Nf3 d6 3. d4 cxd4 4. Nxd4 Nf6 5. Nc3 Nc6 6. f3 e5 7. Nb3 Be6 8. Bg5 Be7 9. Bb5 h6 10. Bxf6 Bxf6 11. 0-0 a6 12. Bxc6+ bxc6 13. Rf2 Bg5 14. Kh1 Bc4 15. Nd2 Be3 16. Nxc4 Bxf2 17. Nxd6+ Ke7 18. Nf5+ Kf6 19. Qe2 Bc5 20. Rd1 Qc7 21. Qc4 Qa7 22. Na4 Rhd8 23. Rf1 g6 24. Nxh6 Bd6 25. Qxc6 Rac8 26. Ng4+ Kg7 27. Qb6 Qxb6 28. Nxb6 Rxc2 29. h3 Rxb2 30. Nc4 Rxa2 31. Rd1 Bc7 32. Rxd8 Bxd8 33. Ngxe5 Bc7 34. f4 Ra4 0-1

[Event "Hong Kong Summer op"]
[Site "Hong Kong"]
[Date "2016.07.21"]
[Round "2"]
[White "Choy, Hong Lui Ronald"]
[Black "Tang, Tsz Sang"]
[Result "1-0"]
[WhiteElo "1596"]
[BlackElo "1784"]
[PlyCount "145"]
[EventDate "2016.07.04"]
[EventType "swiss"]
[EventRounds "5"]
[EventCountry "HKG"]
[SourceTitle "EXT 2017"]
[Source "ChessBase"]
[SourceDate "2016.10.25"]
[SourceVersion "1"]
[SourceVersionDate "2016.10.25"]
[SourceQuality "1"]

1. e4 Nf6 2. e5 Nd5 3. d4 d6 4. c4 Nb6 5. exd6 exd6 6. Nf3 Be7 7. Be2 Bf5 8. 0-0 Nc6 9. Nc3 0-0 10. Be3 Bf6 11. a3 Bg4 12. Ne4 Bxf3 13. gxf3 Re8 14. Kh1 Kh8 15. Rg1 d5 16. Nxf6 Qxf6 17. c5 Nd7 18. Bb5 Nf8 19. Bg5 Qf5 20. Rg3 Re6 21. Bd3 Re1+ 22. Qxe1 Qxd3 23. Rd1 Qc4 24. Be3 Re8 25. Qd2 Ne6 26. Rc1 Qb5 27. Rh3 Na5 28. Qc2 g6 29. Rd1 Nc4 30. Bc1 Kg8 31. f4 Ng7 32. b3 Na5 33. Qd3 Re1+ 34. Rxe1 Qd7 35. Rhe3 Nf5 36. R3e2 Kg7 37. Rd2 Qd8 38. Qf3 Nc6 39. Bb2 Nce7 40. b4 Ng8 41. b5 c6 42. Rb1 cxb5 43. Bc3 Qd7 44. Bb4 Nf6 45. Rc1 Ne7 46. Qd3 a6 47. Re2 Nc6 48. Ra1 Qg4 49. Qe3 Qh5 50. Rd2 Ne4 51. Rd3 Kg8 52. Rad1 Qh4 53. Be1 Qh5 54. Qh3 Qe2 55. Kg1 f5 56. Qf3 Qc2 57. Qe3 Kf7 58. Rc1 Qb2 59. Rb3 Qa2 60. f3 Nf6 61. Qd3 Nxd4 62. Qxd4 Qxb3 63. Bc3 Nh5 64. Rd1 Nxf4 65. Re1 Nh5 66. Qe5 d4 67. Qe7+ Kg8 68. Qe8+ Kg7 69. Bxd4+ Kh6 70. Qf8+ Kg5 71. Qe7+ Kh6 72. h4 Qd5 73. Qg5# 1-0

[Event "Hong Kong-chT"]
[Site "Hong Kong"]
[Date "2016.05.05"]
[Round "6.2"]
[White "Tang, Tsz Sang"]
[Black "Moti, Prasad Gurung"]
[Result "1-0"]
[WhiteElo "1784"]
[BlackElo "1701"]
[PlyCount "105"]
[EventDate "2016.03.31"]
[EventType "team-swiss"]
[EventRounds "7"]
[EventCountry "HKG"]
[SourceTitle "EXT 2017"]
[Source "ChessBase"]
[SourceDate "2016.10.25"]
[SourceVersion "1"]
[SourceVersionDate "2016.10.25"]
[SourceQuality "1"]
[WhiteTeam "Two Beats Six"]
[BlackTeam "Sputanik"]
[WhiteTeamCountry "HKG"]
[BlackTeamCountry "HKG"]

1. e4 c5 2. Nc3 Nc6 3. f4 d6 4. Nf3 Nf6 5. Bc4 e6 6. d3 Be7 7. 0-0 a6 8. a4 0-0 9. Bb3 b6 10. Ne2 d5 11. e5 Nd7 12. c3 Bb7 13. d4 f6 14. Bc2 fxe5 15. fxe5 Qe8 16. Qd3 g6 17. Bh6 Rf7 18. Nf4 Bf8 19. Bxf8 Nxf8 20. Ng5 Rc7 21. Qh3 Bc8 22. Rad1 cxd4 23. cxd4 Qe7 24. Nf3 Nxe5 25. Nxe5 Rxc2 26. Nfxg6 Nxg6 27. Rf7 Qh4 28. Qf3 Nxe5 29. dxe5 Bd7 30. Rxd7 Rf8 31. Qg3+ Qxg3 32. hxg3 Rff2 33. Re7 Rxg2+ 34. Kh1 Rh2+ 35. Kg1 Rcg2+ 36. Kf1 Rxb2 37. Kg1 Rbg2+ 38. Kf1 Rxg3 39. Rxe6 Rb3 40. Kg1 Ra2 41. Rd6 Rxa4 42. R6xd5 Rg4+ 43. Kf2 Re4 44. Rc1 Rf4+ 45. Ke2 Kg7 46. Rc6 a5 47. e6 Re4+ 48. Kd2 a4 49. Rd7+ Kg6 50. e7+ Kg5 51. Rc8 Rbe3 52. Rg8+ Kh5 53. e8Q+ 1-0